Employment with growth (Record no. 502540)

000 -LEADER
fixed length control field 00380cam a22001217a 4500
008 - FIXED-LENGTH DATA ELEMENTS--GENERAL INFORMATION
fixed length control field 180718b1971 xxu||||| |||| 00| 0 eng d
082 ## - DEWEY DECIMAL CLASSIFICATION NUMBER
Classification number R11x54 N213/c.2
100 ## - MAIN ENTRY--PERSONAL NAME
Personal name Bhoothalingam .s
245 ## - TITLE STATEMENT
Title Employment with growth
Statement of responsibility, etc. by S.bhoothalingam
260 ## - PUBLICATION, DISTRIBUTION, ETC.
Place of publication, distribution, etc. New delhi
Name of publisher, distributor, etc. V.g.k.thathacgary,registrar and secretary, national council
Date of publication, distribution, etc. 1971
300 ## - PHYSICAL DESCRIPTION
Extent 16p.
650 ## - SUBJECT ADDED ENTRY--TOPICAL TERM
Topical term or geographic name entry element India employment
Holdings
Withdrawn status Lost status Damaged status Not for loan Permanent Location Current Location Date acquired Full call number Barcode Date last seen Price effective from Koha item type
        Indian Institute of Public Administration Indian Institute of Public Administration 2018-08-04 R11x54 N213/c.2 GR8744 2018-08-04 2018-08-04 GR

Powered by Koha